|
|
|
|
| LEADER |
00893nam a22002417a 4500 |
| 001 |
31569 |
| 003 |
BD-DhAAL |
| 005 |
20170129151140.0 |
| 008 |
170129s2004 bg ||||| |||| 00| 0 eng d |
| 040 |
|
|
|a BD-DhAAL
|c BD-DhAAL
|
| 082 |
|
|
|2 23
|a 307.1412095492
|
| 245 |
|
|
|a CFPR/TUP research working paper series, no. 1-10 :
|
| 260 |
|
|
|a Dhaka :
|b BRAC & AGA Khan Foundation Canada,
|c 2004
|
| 300 |
|
|
|a various paging :
|c 28 cm.
|
| 490 |
|
|
|a CFPR/TUP research working paper series,
|v no. 1-10
|
| 541 |
|
|
|e 31569
|
| 610 |
|
|
|a BRAC
|9 20972
|
| 650 |
|
|
|a Rural development
|z Bangladesh
|9 20973
|
| 710 |
|
|
|a BRAC & AGA Khan Foundation Canada
|9 20974
|
| 852 |
|
|
|a Ayesha Abed Library
|
| 942 |
|
|
|2 ddc
|c BK
|
| 999 |
|
|
|c 37955
|d 37955
|
| 952 |
|
|
|0 0
|1 0
|2 ddc
|4 0
|5 1
|6 307_141209549200000_CFP
|7 1
|8 REF
|9 59974
|a BRACUL
|b BRACUL
|c REF
|d 2017-01-29
|e Complimentary
|l 0
|o 307.1412095492 CFP
|p 3010031569
|r 2017-01-29
|t 1
|w 2017-01-29
|y BK
|